000 00785nac a2200253 a 4500
003 Co-PeBPM
005 20250416085846.0
007 ta
008 200421s2009 ck gr 000 0 spa d
020 _a9789583507120
040 0 _aCo-PeBPM
_bspa
_cCo-PeBPM
_erda
041 0 _aspa
082 0 4 _a345 P438i
100 1 _aPérez Pinzón, Alvaro Orlando
_d1949-
_eautor
_9220612
245 1 0 _aIntroducción al derecho penal
_c/ Álvaro Orlando Pérez Pinzón
250 _aSéptima edición
260 _aBogotá, Colombia
_b: Editorial temis
_c, 2009
300 _a404 páginas
_c; 23 centímetros
500 _aIncluye índices.
650 1 4 _2LEMB
_aDelitos internacionales
_9220613
650 1 4 _2LEMB
_aGlobalización
_920271
650 1 4 _2LEMB
_aDerecho penal
_9220614
942 _2ddc
_cBK
999 _c1001
_d1001